000 00776nam a2200241Ia 4500
003 OSt
005 20260116144517.0
008 210716s2009 xx 000 0 und d
040 _cAIMIT LIBRARY
041 _aeng
082 _a006.6
_21
_bRAOH
100 _aRao, H K Gundu.
_9251492
245 _aComputer graphics and multimedia technology /
_cBy H K Gundu Rao, N S Manjunath and M N Nachappa.
250 _a1st ed.
260 _aMangalore :
_bUnited Publishers ,
_c2009.
300 _a328p. ;
_bPB
_c24 cm
650 _aInteractive computer graphics
_9251493
650 _aMultimedia technology
_9251494
650 _aThree dimensional graphics
_9251495
700 _aManjunath, N S.
_9251496
700 _aNachappa, M N.
_9251497
942 _2ddc
_cBK
_e1st
_k006.6 RAOH
999 _c181917
_d181917